[Event "CAN-ch U20 U1800"]
[Site "Toronto"]
[Date "2018.08.12"]
[Round "8.23"]
[White "Qin, Vincent"]
[Black "Xiao, Edward1"]
[Result "1/2-1/2"]
[WhiteElo "1644"]
[BlackElo "1488"]
[PlyCount "108"]
[EventDate "2018.08.08"]
[EventType "swiss"]
[EventRounds "9"]
[EventCountry "CAN"]
[SourceTitle "EXT 2022"]
[Source "ChessBase"]
[SourceDate "2021.10.06"]
[SourceVersion "1"]
[SourceVersionDate "2021.10.06"]
[SourceQuality "1"]

1. e4 c5 2. c3 Nf6 3. Qc2 Nc6 4. Nf3 e5 5. Bc4 Be7 6. d3 d6 7. Be3 d5 8. Bb5 Qc7 9. 0-0 0-0 10. Nbd2 d4 11. cxd4 cxd4 12. Bg5 Be6 13. Rfc1 Rac8 14. Nc4 Nb4 15. Qd2 a6 16. Ncxe5 Qd6 17. Bc4 b5 18. Bxe6 Qxe6 19. a3 Bd6 20. Bf4 Bxe5 21. Bxe5 Nc6 22. Bxd4 Nxd4 23. Nxd4 Qd7 24. Qe3 Ng4 25. Qg3 Qxd4 26. Qxg4 Rxc1+ 27. Rxc1 Qxb2 28. Qd1 Qxa3 29. d4 Rd8 30. e5 Qb2 31. h3 g6 32. Ra1 Qxd4 33. Qxd4 Rxd4 34. Rxa6 Re4 35. Ra3 Rxe5 36. Rb3 Kg7 37. f4 Rf5 38. g4 Rd5 39. Kf2 f5 40. Ke3 Kf6 41. Ra3 Ke6 42. Ra6+ Rd6 43. Ra7 Rd7 44. Ra6+ Kd5 45. gxf5 gxf5 46. Rf6 Kc4 47. Rc6+ Kb3 48. Rc5 b4 49. Rxf5 Kb2 50. Rb5 b3 51. f5 Kc2 52. f6 b2 53. Rc5+ Kd1 54. Rb5 Kc2 1/2-1/2

[Event "CAN-ch U20 U1800"]
[Site "Toronto"]
[Date "2018.08.09"]
[Round "2.14"]
[White "Qin, Vincent"]
[Black "Srinivas, Atharva"]
[Result "0-1"]
[WhiteElo "1644"]
[BlackElo "1588"]
[PlyCount "112"]
[EventDate "2018.08.08"]
[EventType "swiss"]
[EventRounds "9"]
[EventCountry "CAN"]
[SourceTitle "EXT 2022"]
[Source "ChessBase"]
[SourceDate "2021.10.06"]
[SourceVersion "1"]
[SourceVersionDate "2021.10.06"]
[SourceQuality "1"]

1. e4 e5 2. Nf3 Nc6 3. Bc4 Bc5 4. c3 Nf6 5. d3 h6 6. 0-0 0-0 7. Nbd2 d6 8. Bb3 Be6 9. Bc2 Bb6 10. h3 d5 11. Re1 dxe4 12. Nxe4 Nxe4 13. Rxe4 f5 14. Re2 e4 15. dxe4 Qxd1+ 16. Bxd1 Bc4 17. Re1 fxe4 18. Rxe4 Rad8 19. Be3 Bd5 20. Rg4 Bxe3 21. fxe3 Rde8 22. Kf2 Ne5 23. Rd4 Bxf3 24. Bxf3 c5 25. Rd5 c4 26. Rb5 Nd3+ 27. Ke2 b6 28. Bd5+ Kh8 29. Bf3 Nf4+ 30. Kd2 Nxg2 31. Rg1 Rxf3 32. Rxg2 Rexe3 33. h4 Rd3+ 34. Kc2 Rh3 35. Re5 Rdg3 36. Rxg3 Rxg3 37. Re4 b5 38. a4 a6 39. axb5 axb5 40. Re5 Rg4 41. h5 Rg5 42. Rxg5 hxg5 43. Kd2 Kh7 44. Ke3 Kh6 45. Kf3 Kxh5 46. Kg3 g4 47. Kg2 Kg5 48. Kg3 Kf5 49. Kf2 Kf4 50. Kg2 g3 51. Kf1 Kf3 52. Kg1 g5 53. Kf1 g2+ 54. Kg1 Kg3 55. b4 cxb3 56. c4 b2 0-1

[Event "CAN-ch U10"]
[Site "Quebec"]
[Date "2018.07.03"]
[Round "4.109"]
[White "Qin, Vincent"]
[Black "Hu, Raymond"]
[Result "1-0"]
[WhiteElo "1638"]
[BlackElo "1228"]
[PlyCount "103"]
[EventDate "2018.07.02"]
[EventType "swiss"]
[EventRounds "7"]
[EventCountry "CAN"]
[SourceTitle "EXT 2022"]
[Source "ChessBase"]
[SourceDate "2021.10.06"]
[SourceVersion "1"]
[SourceVersionDate "2021.10.06"]
[SourceQuality "1"]

1. e4 c5 2. Nf3 d6 3. d4 cxd4 4. Nxd4 Nf6 5. Nc3 g6 6. Be3 Bg7 7. f3 a6 8. Qd2 0-0 9. 0-0-0 b5 10. Be2 Bb7 11. h4 Nh5 12. g4 Ng3 13. Rh3 Nxe2+ 14. Ncxe2 Nc6 15. Rdh1 Nxd4 16. Bxd4 h6 17. Bc3 Kh7 18. Bd4 e5 19. Be3 Rc8 20. Ng3 Qf6 21. Rf1 Qe6 22. Kb1 d5 23. Qe2 d4 24. Bd2 Qc6 25. Rc1 Qc4 26. Qxc4 Rxc4 27. b3 Rcc8 28. h5 Rfd8 29. hxg6+ fxg6 30. Rch1 g5 31. Bxg5 Rd6 32. Nf5 Re6 33. Bxh6 Bxh6 34. Rxh6+ Rxh6 35. Rxh6+ Kg8 36. Rb6 Rc7 37. Nd6 Bc8 38. Nxc8 Rxc8 39. Rxa6 Rf8 40. Re6 Rxf3 41. Rxe5 Rf1+ 42. Kb2 Rg1 43. g5 Rg4 44. Rxb5 Rxe4 45. a4 Re8 46. a5 Ra8 47. b4 Kg7 48. Rd5 Kg6 49. Kb3 Rf8 50. Rxd4 Kxg5 51. c4 Rf3+ 52. Ka4 1-0